Central Library OPAC University of Rajshahi

Philosophy of Islamic law and the orientalists : (Record no. 34499)

MARC details
000 -LEADER
fixed length control field 00808cam a22002532 4500
001 - CONTROL NUMBER
control field 34499
003 - CONTROL NUMBER IDENTIFIER
rucl marc code BD-RjUL
005 - DATE AND TIME OF LATEST TRANSACTION
control field 20211209052153.0
008 - FIXED-LENGTH DATA ELEMENTS--GENERAL INFORMATION
fixed length control field 140517s1977 pk b 000 0 eng d
035 ## - SYSTEM CONTROL NUMBER
System control number OCLC ocm05147516 from D980205M
-- (BD-RjUL)34593
040 ## - CATALOGING SOURCE
Original cataloging agency DLC
Transcribing agency DLC
Modifying agency BD-RjUL
Language of cataloging eng
041 ## - LANGUAGE CODE
Language code of text/sound track or separate title eng
082 00 - DEWEY DECIMAL CLASSIFICATION NUMBER
Classification number 340.59
Author mark and year MUP 1977
100 1# - MAIN ENTRY--PERSONAL NAME
Personal name Muslehuddin, Mohammad
Dates associated with a name 1913-
9 (RLIN) 104930
245 10 - TITLE STATEMENT
Title Philosophy of Islamic law and the orientalists :
Remainder of title a comparative study of Islamic legal system /
Statement of responsibility, etc. Mohammad Muslehuddin.
260 ## - PUBLICATION, DISTRIBUTION, ETC. (IMPRINT)
Place of publication, distribution, etc. Lahore :
Name of publisher, distributor, etc. Islamic Publications,
Date of publication, distribution, etc. 1977.
300 ## - PHYSICAL DESCRIPTION
Pagination xvi, 302 p. ;
Size 23 cm.
504 ## - BIBLIOGRAPHY, ETC. NOTE
Bibliography, etc Bibliography: p. 297-302.
650 #0 - SUBJECT ADDED ENTRY--TOPICAL TERM
Topical term or geographic name as entry element Islamic law.
9 (RLIN) 104931
Topical term or geographic name as entry element Law
General subdivision Philosophy.
9 (RLIN) 104932
942 ## - ADDED ENTRY ELEMENTS (KOHA)
Source of classification or shelving scheme Dewey Decimal Classification
Koha item type Books
Holdings
Lost status Source of classification or shelving scheme Damaged status Not for loan Collection code Permanent Location Current Location Shelving location Date acquired Source of acquisition Cost, normal purchase price Total Checkouts Full call number Date last seen Copy number Koha item type
  Dewey Decimal Classification   Not For Loan Non-fiction Central Library, University of Rajshahi Central Library, University of Rajshahi Reading Room 21/06/1979 Asia Foundation 0.00   340.59 MUP 1977 17/05/2014 C-1 Books